000 00715cam a2200217 4500
001 2066
005 20181127164508.0
008 980121s1998 onca b 001 0 eng d
010 _a 98211617
020 _a1551111985
100 1 _aErickson, Paul A.
245 1 2 _aA history of anthropological theory /
_cPaul A. Erickson with Liam D. Murphy.
260 _aPeterborough, Ont. :
_bBroadview Press,
_cc1998.
300 _a254 p. :
_bill. ;
_c23 cm.
500 _aIncludes index.
504 _aIncludes bibliographical references: p. 191-238.
650 0 _aAnthropology
_xHistory.
650 0 _aAnthropology
_xPhilosophy.
650 6 _aAnthropologie
_xPhilosophie.
700 1 _aMurphy, Liam D.
_q(Liam Donat),
_d1968-
999 _c1615
_d1615